00710nam a22001577a 4500003000400000005001700004008004100021040000800062082002900070100002300099245034900122260002600471300002500497942001500522999001500537OSt20151211151923.0151211b xxu||||| |||| 00| 0 eng d cRUA 2ATM.s HIN 2004 B200 Or.1 94719aHING, KOSAL. aStudy on level using of rice bran in feed con centrate on the growth rate of piglet after weaner, សិក្សាលើកំរិតនៃការប្រើប្រាស់កន្ទក់ក្នុងចំណីផ្សំភៅលើការលូតលាស់របស់កូនជ្រូកផ្ដាច់ដោះ aPhnom PenhbRUAc2004 ax; 40p.bill.c29cm. 2ddccATMSP c4398d4398